00342cam a22000977a 4500008004000000245011200040260003300152300001000185650001400195700003500209180718b1995 xxu||||| |||| 00| 0 eng d aArthavved santhita saral hindi bhavarth sahit bhag 2cedited by Vedmurti taponist P. Sriran Sharma Aacharya aHaridwarbBrahnverchasc1995 a444p. aArthavved aAacharya, Vedmurti taponist P.